000 00457cam a2200181ua 4500
020 _c75.00
041 _aeng
_h
082 _a027.006
_bUMA/PR
100 _aUmapathy, K S .
245 _aProblems in library management /
_cK S Umapathy.
_hTextual Documents
250 _a1 /
_b.
260 _aNew Delhi :
_bVikas publishing house pvt ltd ,
_c1984.
300 _a142 ; .
365 _a75.00
504 _a
942 _cBK
999 _c5739
_d5739